[Event "Welsh Seniors Ch"]
[Site "Penarth"]
[Date "2017.09.03"]
[Round "5.2"]
[White "Reynolds, D Ian W"]
[Black "Probert, Malcolm"]
[Result "1/2-1/2"]
[WhiteElo "2034"]
[BlackElo "1600"]
[PlyCount "86"]
[EventDate "2017.09.01"]
[EventRounds "5"]
[EventCountry "WLS"]
[SourceDate "2017.09.02"]

1. e4 c6 2. d4 d5 3. Nc3 g6 4. Nf3 Bg7 5. h3 h5 6. Be2 Nh6 7. O-O O-O 8. Bf4
dxe4 9. Nxe4 Nf5 10. c3 Nd7 11. Re1 b5 12. Qd2 Nb6 13. Ng3 Nd5 14. Nxf5 Nxf4
15. Nxg7 Nxe2+ 16. Qxe2 Kxg7 17. Qxe7 Qxe7 18. Rxe7 Be6 19. Rc7 Rfc8 20. Rxc8
Rxc8 21. b4 Bd5 22. Ne5 f6 23. Nd3 Re8 24. a4 Bc4 25. Nc5 bxa4 26. Nxa4 Re2 27.
Nc5 a6 28. Rc1 Kf7 29. Na4 Ke6 30. Nb6 Bd5 31. c4 Be4 32. Rd1 Bc2 33. Ra1 Re4
34. Rxa6 Rxd4 35. b5 cxb5 36. cxb5 Bd3 37. Nc4+ Kd5 38. Ne3+ Ke5 39. Rc6 Rd6
40. f4+ Ke6 41. Rxd6+ Kxd6 42. b6 Be4 43. Kf2 Kc5 1/2-1/2

[Event "Welsh Seniors Ch"]
[Site "Penarth"]
[Date "2017.09.03"]
[Round "5.3"]
[White "Van Kemenade, Rudy"]
[Black "James, Dai"]
[Result "1-0"]
[WhiteElo "1998"]
[BlackElo "1847"]
[PlyCount "55"]
[EventDate "2017.09.01"]
[EventRounds "5"]
[EventCountry "WLS"]
[SourceDate "2017.09.02"]

1. e4 e6 2. d3 c5 3. Nf3 d6 4. g3 Nf6 5. Bg2 Be7 6. O-O O-O 7. Re1 Nc6 8. c3 e5
9. h3 Ne8 10. d4 Qc7 11. Na3 a6 12. dxc5 dxc5 13. Nc4 Be6 14. Ne3 Rd8 15. Nd5
Qd7 16. Nd2 Bxh3 17. Qh5 Bxg2 18. Kxg2 Qe6 19. Rh1 Qg6 20. Nxe7+ Nxe7 21. Qxe5
Nc6 22. Qxc5 f5 23. Qc4+ Kh8 24. Qe2 fxe4 25. Qxe4 Rxf2+ 26. Kxf2 Rxd2+ 27. Kf3
Rd3+ 28. Be3 1-0

[Event "Welsh Seniors Ch"]
[Site "Penarth"]
[Date "2017.09.03"]
[Round "5.4"]
[White "Waterfield, John W"]
[Black "Hurn, Robert AJ"]
[Result "1-0"]
[WhiteElo "1958"]
[BlackElo "1589"]
[PlyCount "57"]
[EventDate "2017.09.01"]
[EventRounds "5"]
[EventCountry "WLS"]
[SourceDate "2017.09.02"]

1. e4 c5 2. Nf3 d6 3. d4 cxd4 4. Nxd4 Nf6 5. Nc3 g6 6. Be3 Bg7 7. Be2 O-O 8. f4
Nc6 9. Nb3 Bd7 10. g4 Rc8 11. g5 Ne8 12. h4 a5 13. h5 Bxc3+ 14. bxc3 a4 15. Nd4
Qa5 16. Qd2 Nd8 17. hxg6 Qxc3 18. gxh7+ Kh8 19. Qxc3 Rxc3 20. Kd2 Rc8 21. Rab1
Ng7 22. f5 Rc7 23. Nb5 Rc8 24. f6 exf6 25. gxf6 Nge6 26. Nxd6 Rc6 27. e5 Nc5
28. Rbg1 Nde6 29. Nxf7+ 1-0

[Event "Welsh Seniors Ch"]
[Site "Penarth"]
[Date "2017.09.03"]
[Round "5.5"]
[White "Taylor, Robert Graham"]
[Black "Dixon, Chris"]
[Result "1/2-1/2"]
[WhiteElo "1929"]
[BlackElo "1812"]
[PlyCount "112"]
[EventDate "2017.09.01"]
[EventRounds "5"]
[EventCountry "WLS"]
[SourceDate "2017.09.02"]

1. e4 d6 2. c4 Nf6 3. Nc3 g6 4. d4 Bg7 5. f3 O-O 6. Be3 c5 7. d5 e6 8. Qd2 exd5
9. cxd5 Na6 10. Bxa6 bxa6 11. Nge2 Re8 12. O-O Bd7 13. Ng3 Rb8 14. Rab1 Bb5 15.
Rfe1 Nd7 16. f4 Nb6 17. b3 Qc7 18. Rbc1 Qb7 19. e5 dxe5 20. Nge4 Rbd8 21. Nxc5
Qa8 22. a4 Bc6 23. Nxa6 Nxd5 24. Nxd5 Rxd5 25. Qc2 Rc8 26. Nb4 Rd6 27. fxe5
Bxe5 28. Bf2 Bf6 29. Qc5 Rd7 30. Nxc6 Rdc7 31. Bg3 Rxc6 32. Re8+ Rxe8 33. Qxc6
Qd8 34. Rf1 Re6 35. Qc4 Qd4+ 36. Qxd4 Bxd4+ 37. Bf2 Bxf2+ 38. Kxf2 Rf6+ 39. Ke2
Rxf1 40. Kxf1 Kf8 41. b4 Ke7 42. Ke2 f5 43. Ke3 Kd6 44. Kd4 g5 45. b5 f4 46. a5
g4 47. Ke4 f3 48. gxf3 gxf3 49. Kxf3 Kc5 50. b6 axb6 51. axb6 Kxb6 52. Kg4 Kc6
53. Kh5 Kd6 54. Kh6 Ke5 55. Kxh7 Kf6 56. h4 Kf7 1/2-1/2

[Event "Welsh Seniors Ch"]
[Site "Penarth"]
[Date "2017.09.03"]
[Round "5.7"]
[White "Williams, Ron"]
[Black "Greatorex, Roger"]
[Result "1-0"]
[WhiteElo "1692"]
[BlackElo "1733"]
[PlyCount "109"]
[EventDate "2017.09.01"]
[EventRounds "5"]
[EventCountry "WLS"]
[SourceDate "2017.09.02"]

1. d4 e5 2. dxe5 Nc6 3. Nf3 Qe7 4. e4 Nxe5 5. Nc3 c6 6. Be2 Nf6 7. O-O d6 8.
Re1 h6 9. Be3 Be6 10. Bd4 Qc7 11. Nxe5 dxe5 12. Be3 Bd6 13. Bf3 O-O-O 14. Qe2
g5 15. g3 Rdg8 16. a3 g4 17. Bg2 h5 18. Bxa7 h4 19. b4 hxg3 20. hxg3 b5 21. Qe3
Nd7 22. Reb1 Qb7 23. a4 Bc4 24. axb5 Bxb5 25. Nxb5 cxb5 26. Qd3 Bc7 27. Be3 Rg6
28. Ra7 Qc6 29. Qd5 Qxd5 30. exd5 Bb6 31. Bxb6 Rxb6 32. Rba1 Rhh6 33. R1a5 Rhd6
34. Be4 Rf6 35. Ra8+ Nb8 36. c4 bxc4 37. Rc5+ Kd7 38. Rxc4 Kd6 39. Rc6+ Nxc6
40. dxc6 Rxb4 41. Rd8+ Kc7 42. Rd7+ Kc8 43. Bd5 Rb1+ 44. Kg2 Rd1 45. Rxf7 Rxf7
46. Bxf7 Kc7 47. Be8 Kd6 48. Bd7 Rd4 49. Kf1 Ke7 50. Ke2 Kf6 51. Ke3 Kg5 52. c7
Rc4 53. c8=Q Rxc8 54. Bxc8 Kh5 55. Ke4 1-0